Score 0/20 Timer 03:00
0 Plays Today
Movie Answer % Correct
Charlie and the _____ FactoryChocolate
98%
Cheaper by the _____Dozen
95.9%
Crouching _____, Hidden DragonTiger
93.5%
The Count of _____ CristoMonte
92.4%
Cat on a Hot _____ RoofTin
90.8%
The Color _____Purple
90.4%
Cat in the _____Hat
90.2%
Chariots of _____Fire
89.7%
Citizen _____Kane
89.4%
A Clockwork _____Orange
89.2%
Movie Answer % Correct
Cast _____Away
88.2%
Close _____ of the Third KindEncounters
86%
Cool Hand _____Luke
81.4%
Charlie's _____Angels
79.2%
Cowboys & _____Aliens
78.8%
Coal Miner's _____Daughter
76.3%
Chicken _____Run
71%
The Crying _____Game
69.6%
Confessions of a Dangerous _____Mind
65.8%
Crimes and _____Misdemeanors
30.3%

Today's Daily Dose

Remove Ads.
Support Sporcle.
Get the best of Sporcle when you Go Orange. This ad-free experience offers more features, more stats, and more fun while also helping to support Sporcle. Thank you for becoming a member.

You're not logged in!

Compare scores with friends on all Sporcle quizzes.
OR
Log In

Show Comments

Extras

Top Quizzes Today


Score Distribution

Your Account Isn't Verified!

In order to create a playlist on Sporcle, you need to verify the email address you used during registration. Go to your Sporcle Settings to finish the process.

Report this User

Report this user for behavior that violates our Community Guidelines.

Details: